Svatba mladého prince /

Main Author: Heyden, Sandra
Corporate Author: Nakladatelství MOBA
Other Authors: Osinová, Eva, 1973-
Language: Czech
Published: Brno : MOBA, [2026]
Edition: 2. vydání
Series: Zlatá růže
Physical Description: 50 stran ; 22 cm
Book
Saved in:
LEADER 01497nam a2200421 i 4500
001 nkc20263744467
003 CZ PrNK
005 20260519164045.0
007 ta
008 260309t20262026xr g 000 j cze
015 |a cnb003744467 
020 |a 978-80-279-2546-9  |q (brožováno) :  |c Kč 56,99 
040 |a BOA001  |b cze  |e rda 
041 1 |a cze  |h ger 
072 7 |a 821-31/-34  |x Milostná, dobrodružná, fantastická próza  |2 Konspekt  |9 25 
080 |a 821-322.5  |2 MRF 
080 |a (0:82-322.5)  |2 MRF 
100 1 |a Heyden, Sandra  |7 ola2004231498  |4 aut 
245 1 0 |a Svatba mladého prince /  |c Sandra Heyden ; z německého originálu přeložila Eva Osinová 
250 |a 2. vydání 
264 1 |a Brno :  |b MOBA,  |c [2026] 
264 4 |c ©2026 
300 |a 50 stran ;  |c 22 cm 
336 |a text  |b txt  |2 rdacontent 
337 |a bez média  |b n  |2 rdamedia 
338 |a svazek  |b nc  |2 rdacarrier 
490 1 |a Zlatá růže,  |x 1212-9208 ;  |v sv. 393 
655 7 |a milostné povídky  |7 fd132834  |2 czenas 
655 9 |a love short stories  |2 eczenas 
700 1 |a Osinová, Eva,  |d 1973-  |7 mzk2008448919  |4 trl 
710 2 |a Nakladatelství MOBA  |7 ko2011627903  |4 pbl 
830 0 |a Zlatá růže  |0 s 
910 2 |a BOA001  |b 2-1559.580 
990 |a BK 
995 |a 01 
991 |b 202604  |c NOV 
996 6 |b 2611029564  |c 2-1559.580  |l MZK  |r Sklad / do 1 hodiny  |n 0  |p p.v.  |w 002039755  |u 000010  |a 1  |e BOA001  |j MZK50  |s P 
996 7 |b 2611029565  |c 2-1559.580  |l MZK  |r Sklad / do 1 hodiny  |n 0  |p p.v.  |w 002039755  |u 000020  |a 1  |e BOA001  |j MZK50  |s A